History Quiz

Random History or Century Quiz

Which Century? II Quiz Stats

Quiz Updated Sep 12, 2016

Also try: Which Century?
Challenge
Share
Tweet
Embed
Score 0/27 Timer 06:00
9 Plays Today
% Correct
21st
83.3%
20th
83.1%
18th
79.7%
17th
62.8%
1st BC
61.2%
16th
59.5%
1st
58%
15th
52.7%
19th
49.6%
14th
44.8%
11th
41.8%
12th
38.1%
7th
34%
13th
30.4%
% Correct
3rd BC
30.3%
8th
29%
5th BC
28.2%
6th BC
27%
2nd BC
26.9%
4th BC
25.6%
5th
25.4%
4th
25.2%
9th
22.9%
10th
22.6%
2nd
20.5%
3rd
16.2%
6th
9.4%

You're not logged in!

Compare scores with friends on all Sporcle quizzes.
Sign Up with Email
OR
Log In

You Might Also Like...

Show Comments

Extras

Top Quizzes Today


Score Distribution

Your Account Isn't Verified!

In order to create a playlist on Sporcle, you need to verify the email address you used during registration. Go to your Sporcle Settings to finish the process.